[Event "WECU Championship"]
[Site "Exmouth"]
[Date "2003.04.20"]
[Round "6.10"]
[White "Abbott, MV."]
[Black "Wynarczyk, Raymond"]
[Result "1/2-1/2"]
[WhiteElo "1776"]
[BlackElo "1864"]
[PlyCount "122"]
[EventDate "2003.??.??"]

1. d4 Nf6 2. c4 e5 3. dxe5 Ne4 4. a3 Qh4 5. Be3 Nc6 6. Nf3 Qe7 7. Qc2 Nc5 8. b4
Ne6 9. Nc3 b6 10. g3 Bb7 11. Nd5 Qd8 12. Bg2 Be7 13. O-O g5 14. Qf5 Ng7 15.
Nf6+ Bxf6 16. Qxf6 Qxf6 17. exf6 Ne6 18. Nxg5 Nxg5 19. Bxg5 O-O-O 20. Be3 Rde8
21. Rfd1 d6 22. c5 dxc5 23. bxc5 Kb8 24. cxb6 axb6 25. Rd7 Ne5 26. Re7 Ng4 27.
Bf4 Rxe7 28. fxe7 Bxg2 29. Kxg2 Re8 30. h3 Nf6 31. Bg5 Nd5 32. Rd1 Nxe7 33. Rd7
Ng6 34. Rxf7 Rxe2 35. Rxh7 Ra2 36. Rg7 Ne5 37. Bf4 Nd3 38. Bxc7+ Kb7 39. Bd8+
Ka6 40. Rf7 Rxa3 41. Rf6 Rb3 42. Rxb6+ Rxb6 43. Bxb6 Kxb6 44. Kf3 Kc6 45. Ke3
Ne5 46. Kf4 Nd3+ 47. Ke3 Ne5 48. Ke4 Kd6 49. Kf5 Nd3 50. f4 Ke7 51. g4 Kf7 52.
h4 Kg7 53. h5 Kh6 54. Ke4 Nf2+ 55. Kf3 Nd3 56. Kg3 Ne1 57. Kf2 Nd3+ 58. Ke3 Ne1
59. Ke4 Nc2 60. f5 Kg5 61. Ke5 Ne3 1/2-1/2

[Event "WECU Championship"]
[Site "Exmouth"]
[Date "2003.04.20"]
[Round "6.11"]
[White "Shire, David J"]
[Black "Bolt, G."]
[Result "1-0"]
[WhiteElo "1928"]
[BlackElo "1960"]
[PlyCount "67"]
[EventDate "2003.??.??"]

1. d4 Nf6 2. c4 g6 3. Nc3 d5 4. cxd5 Nxd5 5. e4 Nxc3 6. bxc3 Bg7 7. Bc4 c5 8.
Ne2 O-O 9. O-O Nc6 10. Be3 Qc7 11. Rc1 Rd8 12. Bf4 Qa5 13. Qb3 e6 14. d5 exd5
15. Bxd5 Ne5 16. Bxe5 Bxe5 17. f4 Bg7 18. Bxf7+ Kh8 19. Bd5 Rb8 20. Ng3 b5 21.
f5 c4 22. Qc2 Bb7 23. Kh1 Bxd5 24. exd5 Rb6 25. fxg6 hxg6 26. Qe4 Ra6 27. Qh4+
Kg8 28. Ne4 Rxd5 29. Ng5 Rf5 30. Qh7+ Kf8 31. Rxf5+ gxf5 32. Qxf5+ Bf6 33. Rf1
Qb6 34. Qd7 1-0

[Event "WECU Championship"]
[Site "Exmouth"]
[Date "2003.04.21"]
[Round "7"]
[White "Shire, David J"]
[Black "Abbott, MV."]
[Result "1/2-1/2"]
[WhiteElo "1928"]
[BlackElo "1776"]
[PlyCount "84"]
[EventDate "2003.??.??"]

1. d4 Nf6 2. c4 c5 3. d5 b5 4. a4 bxc4 5. Nc3 d6 6. e4 Ba6 7. f4 Nbd7 8. Nf3 e6
9. Be2 exd5 10. exd5 g6 11. O-O Bg7 12. Nd2 O-O 13. Bxc4 Bxc4 14. Nxc4 Nb6 15.
Na3 Ne8 16. Be3 Nc7 17. a5 Nc8 18. Nc4 Ne7 19. Qf3 Nf5 20. Bf2 Rb8 21. Rfd1 Rb3
22. Ra3 Rb4 23. Qd3 Qd7 24. Na2 Rbb8 25. Nc3 Na6 26. Ne5 dxe5 27. Qxa6 Rxb2 28.
Na4 Rxf2 29. Kxf2 Nd4 30. Nxc5 Qg4 31. Qf1 Qxf4+ 32. Kg1 Qg4 33. Re3 Rc8 34.
Ne4 Rc2 35. Rd2 Rc8 36. h3 Qd7 37. Nf6+ Bxf6 38. Qxf6 Qc7 39. Rf2 Qc1+ 40. Kh2
Qxe3 41. Qxf7+ Kh8 42. Qf6+ Kg8 1/2-1/2

[Event "WECU Championship"]
[Site "Exmouth"]
[Date "2003.04.21"]
[Round "7"]
[White "Cutmore, Martin"]
[Black "Carpenter, P.."]
[Result "1-0"]
[WhiteElo "1896"]
[BlackElo "1880"]
[PlyCount "71"]
[EventDate "2003.??.??"]

1. d4 d5 2. c4 e6 3. Nc3 Nf6 4. cxd5 exd5 5. Bg5 c6 6. Qc2 Nbd7 7. e3 Bb4 8.
Bd3 h6 9. Bh4 O-O 10. Nge2 c5 11. O-O g5 12. Bg3 c4 13. Bf5 Nb6 14. Be5 Bxf5
15. Qxf5 Ne8 16. f4 Ng7 17. Bxg7 Kxg7 18. Ng3 Be7 19. Qh3 Rh8 20. Nf5+ Kg6 21.
g4 h5 22. Nxe7+ Qxe7 23. f5+ Kf6 24. gxh5 Rh6 25. Rae1 Qb4 26. Qg3 Re8 27. e4
Rxh5 28. e5+ Kg7 29. f6+ Kg6 30. e6 fxe6 31. f7 Rf8 32. Rxe6+ Kg7 33. Qe5+ Kh7
34. Qf5+ Kg7 35. Qg6+ Kh8 36. Qxh5+ 1-0

[Event "WECU Championship"]
[Site "Exmouth"]
[Date "2003.04.21"]
[Round "7"]
[White "Littlejohns, David"]
[Black "Therrien, Alex L"]
[Result "1-0"]
[WhiteElo "1880"]
[BlackElo "1784"]
[PlyCount "111"]
[EventDate "2003.??.??"]

1. e4 e6 2. d4 d5 3. Nd2 dxe4 4. Nxe4 Nd7 5. Nf3 Ngf6 6. Nxf6+ Nxf6 7. Be2 c5
8. O-O Be7 9. Be3 Nd5 10. Bb5+ Bd7 11. Bxd7+ Qxd7 12. Qe2 O-O 13. c4 Nxe3 14.
fxe3 Bf6 15. Rad1 cxd4 16. exd4 a6 17. Ne5 Qc7 18. b3 Rab8 19. Rf3 Rfd8 20.
Rfd3 b5 21. c5 Rd5 22. b4 Rbd8 23. Nf3 Qd7 24. Kf1 h5 25. Ra3 Qc6 26. Rad3 g6
27. R1d2 Qc7 28. g3 Rf5 29. Kg1 Qc6 30. Rd1 Kg7 31. Ne5 Qc7 32. Nf3 Rfd5 33.
R1d2 Rh8 34. Qe4 a5 35. a3 axb4 36. axb4 Qa7 37. Rc2 Qa4 38. Qe2 Qxb4 39. Rb2
Qa5 40. Rd1 Rb8 41. Qc2 Rdd8 42. Kg2 Qc7 43. Qe2 Qc6 44. Kg1 Rd5 45. Rbd2 e5
46. dxe5 Qxc5+ 47. Kg2 Rxe5 48. Nxe5 Qxe5 49. Qxe5 Bxe5 50. Rd5 Kf6 51. Rb1 b4
52. Rd3 Ke6 53. Kf3 f6 54. Rdb3 Bc3 55. Rxc3 bxc3 56. Rxb8 1-0

[Event "WECU Championship"]
[Site "Exmouth"]
[Date "2003.04.21"]
[Round "7"]
[White "Neat, Roger J"]
[Black "Bolt, G."]
[Result "1-0"]
[WhiteElo "1568"]
[BlackElo "1960"]
[PlyCount "72"]
[EventDate "2003.??.??"]

1. d4 Nf6 2. Nf3 g6 3. Bf4 Bg7 4. e3 O-O 5. c3 d5 6. h3 b6 7. Nbd2 Bb7 8. Bd3
Nbd7 9. O-O c5 10. Re1 a5 11. Ne5 Ne4 12. Ndf3 Ndf6 13. Bb5 Nd6 14. Bc6 Qc8 15.
Bxb7 Qxb7 16. a4 c4 17. Nd2 Rfc8 18. Qf3 b5 19. axb5 Qxb5 20. Rab1 a4 21. Ng4
Nxg4 22. hxg4 Qc6 23. Bxd6 Qxd6 24. e4 Bh6 25. e5 Qd8 26. Nf1 e6 27. Ne3 Bxe3
28. Qxe3 Kg7 29. g5 Rcb8 30. Qf4 Rb3 31. Re3 a3 32. Rf3 Qe7 33. Qh4 Rxb2 34.
Qh6+ Kg8 35. Ra1 Qf8 36. Qh4 a2 1-0

[Event "WECU Championship"]
[Site "Exmouth"]
[Date "2003.04.21"]
[Round "7"]
[White "Gosling, Brian"]
[Black "Sapiecha, Michael W"]
[Result "1/2-1/2"]
[WhiteElo "1840"]
[BlackElo "1864"]
[PlyCount "55"]
[EventDate "2003.??.??"]

1. d4 d5 2. Nf3 e6 3. Bf4 c5 4. e3 Nc6 5. c3 a6 6. Bd3 Nf6 7. Nbd2 Nh5 8. Ne5
Nxf4 9. exf4 Nxe5 10. fxe5 cxd4 11. cxd4 Qb6 12. Nb3 Bb4+ 13. Kf1 O-O 14. Qc2
g6 15. Rc1 Be7 16. h4 f5 17. exf6 Rxf6 18. h5 e5 19. hxg6 Rc6 20. gxh7+ Kh8 21.
Qe2 Rxc1+ 22. Nxc1 e4 23. Bxe4 dxe4 24. Qxe4 Qc6 25. Qxe7 Qxc1+ 26. Ke2 Qxb2+
27. Ke3 Qc3+ 28. Ke4 1/2-1/2

[Event "WECU Championship"]
[Site "Exmouth"]
[Date "2003.04.21"]
[Round "7"]
[White "Wilkinson, John R"]
[Black "George, Ian"]
[Result "0-1"]
[WhiteElo "1880"]
[BlackElo "1952"]
[PlyCount "54"]
[EventDate "2003.??.??"]

1. d4 Nf6 2. c4 e5 3. dxe5 Ne4 4. Nd2 Bb4 5. Ngf3 Nc6 6. a3 Nxd2 7. Bxd2 Bxd2+
8. Qxd2 Qe7 9. Qc3 O-O 10. O-O-O Re8 11. Rd5 b6 12. g3 Bb7 13. Bh3 Rad8 14.
Rhd1 d6 15. exd6 cxd6 16. R5d2 Na5 17. Kb1 Ba6 18. b3 d5 19. cxd5 Qxa3 20. Ra2
Qd6 21. e3 Qg6+ 22. Qc2 Qh5 23. Ng1 Rxd5 24. Rxd5 Qxd5 25. Kb2 Rd8 26. Ra1 Qe5+
27. Qc3 Rd2+ 0-1

[Event "WECU Championship"]
[Site "Exmouth"]
[Date "2003.04.21"]
[Round "7"]
[White "Rudd, Jack"]
[Black "Moore, Gerald"]
[Result "1-0"]
[WhiteElo "2200"]
[BlackElo "2216"]
[PlyCount "55"]
[EventDate "2003.??.??"]

1. e4 c5 2. Nf3 Nc6 3. d4 cxd4 4. Nxd4 g6 5. c4 Bg7 6. Be3 Nf6 7. Nc3 Ng4 8.
Qxg4 Nxd4 9. Qd1 Ne6 10. Be2 Qa5 11. Qd2 b6 12. O-O Bb7 13. Rad1 Rd8 14. f3 g5
15. Kh1 Rg8 16. Rc1 h5 17. a3 h4 18. b4 Qe5 19. Nb5 Qb8 20. Rfd1 Be5 21. h3 Bf4
22. Bxf4 Nxf4 23. c5 Nxg2 24. Kxg2 Qg3+ 25. Kf1 Bxe4 26. Qe3 Bf5 27. Nd6+ Kf8
28. Qxe7+ 1-0

[Event "WECU Championship"]
[Site "Exmouth"]
[Date "2003.04.21"]
[Round "7"]
[White "Crouch, C."]
[Black "Turner, Matthew"]
[Result "0-1"]
[WhiteElo "2344"]
[BlackElo "2496"]
[PlyCount "56"]
[EventDate "2003.??.??"]

1. d4 Nf6 2. c4 e6 3. Nf3 b6 4. Nc3 Bb4 5. Bg5 Bb7 6. e3 h6 7. Bh4 g5 8. Bg3
Ne4 9. Nd2 Bxc3 10. bxc3 Nxg3 11. hxg3 d6 12. e4 c5 13. d5 Qf6 14. Qf3 Qg7 15.
Qd3 Nd7 16. a4 f5 17. dxe6 Ne5 18. Qb1 fxe4 19. Nxe4 O-O-O 20. f4 gxf4 21. gxf4
Rhf8 22. g3 Bxe4 23. Qxe4 Qxg3+ 24. Kd1 Rxf4 25. Qa8+ Kc7 26. Qxa7+ Kc6 27. Qa6
Qxc3 28. Bg2+ Nf3 0-1

[Event "WECU Championship"]
[Site "Exmouth"]
[Date "2003.04.21"]
[Round "7"]
[White "Cutmore, DA."]
[Black "Dilleigh, Stephen"]
[Result "1/2-1/2"]
[WhiteElo "1848"]
[BlackElo "2072"]
[PlyCount "62"]
[EventDate "2003.??.??"]

1. d4 d6 2. c4 e5 3. Nf3 e4 4. Ng5 f5 5. Nc3 Be7 6. h4 h6 7. Nh3 Bxh4 8. Nf4
Be7 9. Ng6 Rh7 10. e3 Nf6 11. Nd5 Nxd5 12. cxd5 Nd7 13. Bb5 c6 14. dxc6 Qa5+
15. Bd2 Qxb5 16. cxd7+ Bxd7 17. Bc3 Bf6 18. d5 Bxc3+ 19. bxc3 Qc4 20. Rc1 O-O-O
21. Qd4 Qxd4 22. exd4 Kb8 23. Kd2 Be8 24. Nf8 Rh8 25. Ne6 Rd7 26. Rh3 Re7 27.
c4 Bd7 28. Nf4 Rd8 29. Ng6 Rf7 30. Nf4 Bc8 31. Rb1 Re8 1/2-1/2

[Event "WECU Championship"]
[Site "Exmouth"]
[Date "2003.04.21"]
[Round "7"]
[White "Bareham, DC."]
[Black "Chaplin, Peter E"]
[Result "0-1"]
[WhiteElo "1920"]
[BlackElo "2032"]
[PlyCount "70"]
[EventDate "2003.??.??"]

1. e4 c5 2. Nc3 e6 3. f4 a6 4. Nf3 Nc6 5. d3 d5 6. Qe2 Nf6 7. g3 Be7 8. Bg2 O-O
9. O-O b5 10. e5 Ne8 11. g4 Nc7 12. Bh3 b4 13. Nd1 Nb5 14. f5 Nbd4 15. Nxd4
Nxd4 16. Qg2 Bb7 17. c3 Nc6 18. Bf4 Bg5 19. Qg3 d4 20. c4 Bxf4 21. Qxf4 Qc7 22.
Bg2 exf5 23. gxf5 Rae8 24. e6 Qxf4 25. exf7+ Rxf7 26. Rxf4 Re1+ 27. Kf2 Ne5 28.
Bf1 Rxf1+ 29. Kxf1 Nxd3 30. Rh4 Rxf5+ 31. Ke2 Ne5 32. Nf2 g5 33. Rh6 Rxf2+ 34.
Kxf2 Ng4+ 35. Ke2 Nxh6 0-1

[Event "WECU Championship"]
[Site "Exmouth"]
[Date "2003.04.21"]
[Round "7"]
[White "Pleasants, Allan J"]
[Black "Ponter, Ian"]
[Result "1/2-1/2"]
[WhiteElo "2000"]
[BlackElo "1904"]
[PlyCount "57"]
[EventDate "2003.??.??"]

1. g3 d5 2. Bg2 Nf6 3. c4 e6 4. Nf3 Be7 5. O-O O-O 6. b3 Nbd7 7. Bb2 Rb8 8. Qc2
b6 9. Nd4 Bb7 10. cxd5 Nxd5 11. Nc6 Bxc6 12. Qxc6 Bf6 13. d4 Nb4 14. Qc4 c5 15.
a3 b5 16. Qc1 Na6 17. Rd1 cxd4 18. Bxd4 Bxd4 19. Rxd4 Qf6 20. e3 Ne5 21. Nd2
Rfc8 22. Qd1 Rd8 23. Ne4 Qe7 24. Nd6 Nc5 25. Nxb5 a6 26. b4 axb5 27. bxc5 Rdc8
28. c6 Nc4 29. Rd7 1/2-1/2